000
00316nam a22001337a 4500
008
170531b xxu||||| |||| 00| 0 eng d
020
_a
9780198227861
041
_a
eng
080
_a
94
100
_a
17
101
_a
SHH
245
_a
OXFORD ILLUSTRTED HISTORY BRITISH MONARCY
_c
CANNON.J
942
_2
udc
_c
BK
999
_c
15127
_d
15127